Countries Containing "Tr" - Statistics

General Stats
  • This quiz has been taken 278 times
  • The average score is 3 of 5
Answer Stats
Answer % Correct
Trinidad and Tobago
89%
Australia
69%
Austria
68%
Eritrea
57%
Central African Republic
28%
No matching quizzes found
Score Distribution
Percent of People with Each Score
Percentile by Number Answered
Your Score History
You have not taken this quiz